|
|
|
|
| LEADER |
01051cam a2200289 a 4500 |
| 001 |
32525 |
| 003 |
BD-DhAAL |
| 005 |
20171217131747.0 |
| 008 |
030214t2003 njua b 001 0 eng |
| 999 |
|
|
|c 38776
|d 38776
|
| 010 |
|
|
|a 2003043271
|
| 020 |
|
|
|a 0471429457 ((Wiley international ed. : acidfree paper)
|
| 020 |
|
|
|a 9780471057000
|
| 040 |
|
|
|a DLC
|c DLC
|d DLC
|d BD-DhAAL
|
| 050 |
0 |
0 |
|a QC174.12
|b .G37 2003
|
| 082 |
0 |
0 |
|a 530.12
|2 21
|
| 100 |
1 |
|
|a Gasiorowicz, Stephen.
|9 24222
|
| 245 |
1 |
0 |
|a Quantum physics /
|c Stephen Gasiorowicz.
|
| 250 |
|
|
|a 3rd ed.
|
| 260 |
|
|
|a Hoboken, N.J. :
|b Wiley,
|c c2003.
|
| 300 |
|
|
|a xvi, 336 pages :
|b illustrations ;
|c 26 cm.
|
| 504 |
|
|
|a Includes bibliographical references (pages 330-332) and index.
|
| 526 |
|
|
|a AAL
|
| 541 |
|
|
|a STS International
|e 32525
|
| 650 |
|
0 |
|a Quantum theory.
|9 24223
|
| 942 |
|
|
|2 ddc
|c BK
|
| 952 |
|
|
|0 0
|1 0
|2 ddc
|4 0
|6 530_120000000000000_GAS
|7 0
|9 62308
|a BRACUL
|b BRACUL
|c GEN
|d 2017-12-17
|e STS International
|g 9500.00
|l 6
|m 53
|o 530.12 GAS
|p 3010032525
|r 2024-09-10
|s 2024-07-03
|t 1
|v 9500.00
|w 2017-12-17
|y BK
|